| 000 | 00000nam##2200000za#4500 |
| 001 | 9.602537 |
| 003 | CaOODSP |
| 005 | 20230801131714 |
| 007 | cr ||||||||||| |
| 008 | 150406|2004||||xxc|||||o f|0| 0 fre|d |
| 040 | |aCaOODSP|bfre |
| 043 | |an-cn--- |
| 086 | 1 |aPS83-6/29F-PDF |
| 110 | 2 |aService correctionnel Canada. |bDirection de la recherche. |
| 245 | 10|aComparaison des tendances en matière de criminalité et d'incarcération aux États-Unis, en Angleterre et au Canada de 1981 à 2001 / |h[ressource électronique]|c[par] Roger Boe. |
| 260 | |bService correctionnel Canada. |cAoût 2004. |
| 300 | |a33p.|bgraphiques, références, tableaux |
| 490 | 1 |aRapport de synthèse|vN° B-29 |
| 590 | |a11-28-Supp|b2011-11-17 |
| 720 | 1 |aBoe, Roger |
| 775 | 08|tComparing crime and imprisonment trends in the United States, England, and Canada from 1981 to 2001 / |w(CaOODSP)9.572125 |
| 830 | #0|aRapport de synthèse (Service correctionnel Canada)|vN° B-29|w(CaOODSP)9.503042 |
| 856 | 40|ahttp://publications.gc.ca|qPDF|s241 Ko|uhttps://publications.gc.ca/collections/collection_2011/scc-csc/PS83-6-29-fra.pdf|yN° B-29 |